[Event "FRA-ch Accession"]
[Site "Agen"]
[Date "2017.08.19"]
[Round "3"]
[White "Camus, Berenger"]
[Black "Suez Panama, Gilles"]
[Result "1-0"]
[WhiteElo "2248"]
[BlackElo "2078"]
[PlyCount "78"]
[EventDate "2017.08.19"]
[EventType "swiss"]
[EventRounds "9"]
[EventCountry "FRA"]
[SourceTitle "EXT 2019"]
[Source "ChessBase"]
[SourceDate "2018.10.10"]
[SourceVersion "1"]
[SourceVersionDate "2018.10.10"]
[SourceQuality "1"]

1. d4 Nf6 2. c4 g6 3. Nc3 Bg7 4. e4 d6 5. Nf3 0-0 6. Be2 e5 7. Be3 Na6 8. 0-0 Ng4 9. Bg5 Qe8 10. h3 h6 11. Bh4 Nf6 12. dxe5 dxe5 13. Bxf6 Bxf6 14. Nd5 Bg7 15. c5 c6 16. Bxa6 cxd5 17. Qxd5 Rb8 18. Bc4 Be6 19. Qd3 Rd8 20. Qe2 Bc8 21. Rfd1 Qe7 22. b4 Kh7 23. Rxd8 Rxd8 24. Rd1 Rxd1+ 25. Qxd1 f5 26. Qd5 Qe8 27. b5 fxe4 28. Nd2 e3 29. fxe3 a6 30. bxa6 bxa6 31. c6 h5 32. Ne4 Qe7 33. Qg8+ Kh6 34. Qxc8 Qa3 35. c7 Qxe3+ 36. Nf2 e4 37. Bf1 Qe1 38. Qe8 e3 39. Nd3 Qa1 1-0

[Event "FRA-ch Accession"]
[Site "Caen"]
[Date "2011.08.18"]
[Round "3"]
[White "Bouget, Alexandre"]
[Black "Camus, Berenger"]
[Result "1/2-1/2"]
[WhiteElo "2199"]
[BlackElo "2239"]
[PlyCount "39"]
[EventDate "2011.08.16"]
[EventType "swiss"]
[EventRounds "11"]
[EventCountry "FRA"]
[SourceTitle "CBM 144 Extra"]
[Source "ChessBase"]
[SourceDate "2011.10.28"]
[SourceVersion "1"]
[SourceVersionDate "2011.10.28"]
[SourceQuality "1"]

1. d4 d5 2. c4 dxc4 3. Nf3 Nf6 4. e3 a6 5. Bxc4 b5 6. Bd3 Bb7 7. 0-0 e6 8. a4 b4 9. Nbd2 c5 10. Qe2 Nbd7 11. Rd1 cxd4 12. Nxd4 Be7 13. N2b3 0-0 14. e4 Qb8 15. Na5 Nc5 16. Ndc6 Qc7 17. Nxe7+ Qxe7 18. Bg5 e5 19. Bc4 h6 20. Bxf6 1/2-1/2

[Event "FRA-ch Accession"]
[Site "Nimes"]
[Date "2009.08.20"]
[Round "9"]
[White "Camus, Berenger"]
[Black "Weill, Roland"]
[Result "1-0"]
[WhiteElo "2200"]
[BlackElo "2227"]
[PlyCount "95"]
[EventDate "2009.08.11"]
[EventType "swiss"]
[EventRounds "9"]
[EventCountry "FRA"]
[SourceTitle "CBM 132 Extra"]
[Source "ChessBase"]
[SourceDate "2009.11.03"]
[SourceVersion "1"]
[SourceVersionDate "2009.11.03"]
[SourceQuality "1"]

1. d4 d6 2. c4 e5 3. Nf3 Nd7 4. Nc3 g6 5. e4 Bg7 6. Be2 Ngf6 7. 0-0 0-0 8. Be3 c6 9. dxe5 dxe5 10. Nd2 Qe7 11. Qa4 Ne8 12. b4 Nc7 13. b5 Nb6 14. Qa5 c5 15. Nd5 Nbxd5 16. cxd5 b6 17. Qc3 Ne8 18. a4 Nd6 19. f3 f5 20. Nc4 fxe4 21. Nxd6 Qxd6 22. fxe4 Rf4 23. Qc2 Bd7 24. a5 Raf8 25. axb6 axb6 26. Ra7 R4f7 27. Rxf7 Rxf7 28. Bc4 Rf8 29. Qd2 Kh8 30. h3 Rd8 31. Qf2 Rf8 32. Qh4 Bf6 33. Bg5 Bxg5 34. Qxg5 Kg7 35. Rxd7+ Qxd7 36. Qxe5+ Kh6 37. d6 Rd8 38. Qf4+ Kg7 39. Qe5+ Kh6 40. Qf4+ Kg7 41. e5 Rf8 42. Qg3 Re8 43. Qc3 Kh6 44. Qd2+ g5 45. e6 Qg7 46. d7 Rd8 47. h4 Qa1+ 48. Bf1 1-0

[Event "Issy les Moulineaux tt"]
[Site "Issy les Moulineaux"]
[Date "2008.11.22"]
[Round "2.1"]
[White "Camus, Berenger"]
[Black "Calistri, Tristan"]
[Result "1/2-1/2"]
[WhiteElo "2187"]
[BlackElo "2361"]
[PlyCount "51"]
[EventDate "2008.10.19"]
[EventType "team-tourn"]
[EventRounds "7"]
[EventCountry "FRA"]
[SourceTitle "EXT 2010"]
[Source "ChessBase"]
[SourceDate "2010.11.25"]
[SourceVersion "1"]
[SourceVersionDate "2010.11.25"]
[SourceQuality "1"]
[WhiteTeam "Reims"]
[BlackTeam "Limeil"]
[WhiteTeamCountry "FRA"]
[BlackTeamCountry "FRA"]

1. d4 Nf6 2. c4 g6 3. Nc3 Bg7 4. e4 d6 5. Nf3 0-0 6. Be2 e5 7. Be3 Nbd7 8. 0-0 Re8 9. d5 Nh5 10. Ne1 Nf4 11. Bg4 h5 12. Bxd7 Bxd7 13. Nd3 Qg5 14. g3 Nh3+ 15. Kg2 Qe7 16. Qd2 f5 17. f3 Rf8 18. exf5 Bxf5 19. Ne4 b6 20. Ndf2 Qd7 21. Qe2 Rae8 22. Kh1 Nxf2+ 23. Rxf2 Bxe4 24. fxe4 Rxf2 25. Bxf2 Bh6 26. Kg2 1/2-1/2

[Event "FRA-ch Accession"]
[Site "Pau"]
[Date "2008.08.12"]
[Round "1"]
[White "Camus, Berenger"]
[Black "Roos, Louis"]
[Result "0-1"]
[WhiteElo "2194"]
[BlackElo "2375"]
[PlyCount "86"]
[EventDate "2008.08.11"]
[EventType "swiss"]
[EventRounds "9"]
[EventCountry "FRA"]
[SourceTitle "CBM 126 Extra"]
[Source "ChessBase"]
[SourceDate "2008.11.05"]
[SourceVersion "1"]
[SourceVersionDate "2008.11.05"]
[SourceQuality "1"]

1. d4 e6 2. c4 f5 3. Nc3 Nf6 4. g3 Bb4 5. Bd2 a5 6. Bg2 0-0 7. e3 d5 8. b3 c6 9. Nf3 Nbd7 10. 0-0 Qe7 11. Qc1 Ba3 12. Qc2 b6 13. Ne5 Bb7 14. f4 Rac8 15. Bc1 Ba6 16. Re1 Rfd8 17. Bb2 Ne4 18. Nxe4 Bxb2 19. Qxb2 Nxe5 20. dxe5 dxe4 21. Rad1 Rc7 22. Bf1 Rcd7 23. Rd4 c5 24. Rxd7 Qxd7 25. Kf2 Kf7 26. Be2 Qd2 27. Qxd2 Rxd2 28. Rd1 Rxa2 29. Rd7+ Ke8 30. Ra7 Bc8 31. Rxg7 h6 32. Rc7 Bd7 33. Rb7 Rb2 34. Rxb6 a4 35. Ke1 a3 36. Kf2 a2 37. Ra6 Kd8 38. h3 h5 39. h4 Kc7 40. Ra7+ Kb6 41. Ra8 Kb7 42. Ra5 Bc6 43. Ra3 Kb6 0-1

[Event "FRA-chT2 East 0708"]
[Site "France"]
[Date "2008.02.10"]
[Round "7.1"]
[White "Camus, Berenger"]
[Black "Gladyszev, Oleg"]
[Result "0-1"]
[WhiteElo "2154"]
[BlackElo "2485"]
[PlyCount "54"]
[EventDate "2007.10.21"]
[EventType "team"]
[EventRounds "11"]
[EventCountry "FRA"]
[SourceTitle "EXT 2009"]
[Source "ChessBase"]
[SourceDate "2008.11.26"]
[SourceVersion "1"]
[SourceVersionDate "2008.11.26"]
[SourceQuality "1"]
[WhiteTeam "Reims"]
[BlackTeam "Metz Fischer II"]
[WhiteTeamCountry "FRA"]
[BlackTeamCountry "FRA"]

1. d4 Nf6 2. c4 g6 3. Nc3 d5 4. Bf4 Bg7 5. e3 c5 6. dxc5 Qa5 7. Qa4+ Qxa4 8. Nxa4 Bd7 9. Nc3 Ne4 10. Nxd5 Na6 11. f3 Nexc5 12. 0-0-0 e6 13. Nc7+ Nxc7 14. Bxc7 Rc8 15. Bd6 b5 16. e4 bxc4 17. e5 Ba4 18. Rd4 Nd3+ 19. Bxd3 cxd3+ 20. Kd2 Bb5 21. Nh3 Rc2+ 22. Ke3 Bh6+ 23. f4 Re2+ 24. Kf3 Bc6+ 25. Kg3 Rxg2+ 26. Kh4 d2 27. Rg1 Rxg1 0-1

[Event "FRA-chT2 East 0708"]
[Site "France"]
[Date "2008.01.19"]
[Round "5.1"]
[White "Spielmann, Alain"]
[Black "Camus, Berenger"]
[Result "1-0"]
[WhiteElo "2279"]
[BlackElo "2154"]
[PlyCount "68"]
[EventDate "2007.10.21"]
[EventType "team"]
[EventRounds "11"]
[EventCountry "FRA"]
[SourceTitle "EXT 2009"]
[Source "ChessBase"]
[SourceDate "2008.11.26"]
[SourceVersion "1"]
[SourceVersionDate "2008.11.26"]
[SourceQuality "1"]
[WhiteTeam "Epinal"]
[BlackTeam "Reims"]
[WhiteTeamCountry "FRA"]
[BlackTeamCountry "FRA"]

1. Nf3 Nf6 2. g3 e6 3. Bg2 d5 4. 0-0 Nbd7 5. d3 b6 6. Nbd2 Bb7 7. b3 c5 8. e4 Be7 9. e5 Ng4 10. Qe2 h5 11. c4 Ndxe5 12. Nxe5 Nxe5 13. Bb2 Ng6 14. Bxg7 Rh7 15. Bb2 Qd7 16. cxd5 Bxd5 17. Ne4 f5 18. Rfd1 Qb7 19. b4 cxb4 20. Rac1 Kf7 21. f4 fxe4 22. dxe4 Bc6 23. f5 Nf8 24. Rf1 Ke8 25. fxe6 Bc5+ 26. Kh1 h4 27. Qg4 hxg3 28. Rxf8+ Kxf8 29. Rf1+ Bf2 30. Qxg3 Ke7 31. Qxf2 Rg8 32. Qf6+ Ke8 33. Rd1 Qe7 34. Qe5 Qg5 1-0

[Event "Charleville Mezieres op 5th"]
[Site "Charleville Mezieres"]
[Date "2008.??.??"]
[Round "4"]
[White "Camus, Berenger"]
[Black "Hacene, Ahmed"]
[Result "1-0"]
[WhiteElo "2187"]
[BlackElo "1709"]
[PlyCount "67"]
[EventDate "2008.12.26"]
[EventType "swiss"]
[EventRounds "7"]
[EventCountry "FRA"]
[SourceTitle "CBM 128 Extra"]
[Source "ChessBase"]
[SourceDate "2009.03.05"]
[SourceVersion "2"]
[SourceVersionDate "2009.03.25"]
[SourceQuality "1"]

1. d4 c6 2. c4 e6 3. Nc3 d5 4. e4 Bb4 5. cxd5 exd5 6. e5 Ne7 7. Bd3 Bf5 8. Nf3 Bxd3 9. Qxd3 Qd7 10. 0-0 Qf5 11. Qe3 Bxc3 12. bxc3 h6 13. Ba3 Qe6 14. Nh4 Nd7 15. Rab1 0-0-0 16. Bxe7 Qxe7 17. Nf5 Qf8 18. Nd6+ Kb8 19. Nxb7 Nb6 20. Nxd8 Qxd8 21. e6 f6 22. e7 Qd7 23. Rfe1 Re8 24. Qg3+ Ka8 25. Qxg7 Nc8 26. Qxf6 Nd6 27. Qe6 Qc7 28. Qe5 Qd7 29. f3 Nb5 30. Rxb5 cxb5 31. Qe6 Qb7 32. Qd6 Qb6 33. Qxd5+ Kb8 34. Qd7 1-0

[Event "FRA-chT2 East 0708"]
[Site "France"]
[Date "2007.11.24"]
[Round "2.2"]
[White "Camus, Berenger"]
[Black "Bonneville, Jean Paul"]
[Result "0-1"]
[WhiteElo "2157"]
[BlackElo "2208"]
[PlyCount "70"]
[EventDate "2007.10.21"]
[EventType "team"]
[EventRounds "11"]
[EventCountry "FRA"]
[SourceTitle "EXT 2009"]
[Source "ChessBase"]
[SourceDate "2008.11.26"]
[SourceVersion "1"]
[SourceVersionDate "2008.11.26"]
[SourceQuality "1"]
[WhiteTeam "Reims"]
[BlackTeam "Besancon TPG II"]
[WhiteTeamCountry "FRA"]
[BlackTeamCountry "FRA"]

1. d4 Nf6 2. c4 e6 3. Nf3 b6 4. g3 Ba6 5. b3 Bb4+ 6. Bd2 Be7 7. Bg2 c6 8. 0-0 d5 9. Ne5 0-0 10. cxd5 exd5 11. Nc3 Re8 12. Re1 Bb7 13. Qc2 c5 14. dxc5 Bxc5 15. Nd3 Nbd7 16. Nxc5 Nxc5 17. Bg5 d4 18. Bxb7 Nxb7 19. Nb5 Rc8 20. Qd3 a6 21. Nxd4 Nc5 22. Qd1 Nce4 23. Nf3 Qxd1 24. Raxd1 Ng4 25. Rf1 Nxg5 26. Nxg5 h6 27. Nf3 Rxe2 28. h3 Nf6 29. Rd6 Ne4 30. Rxb6 Rc3 31. Nd4 Rd2 32. Nc6 Rcc2 33. Nb4 Rb2 34. Kg2 Nxf2 35. Nxa6 Ng4+ 0-1

[Event "FRA-ch op-A"]
[Site "Aix les Bains"]
[Date "2007.08.14"]
[Round "1"]
[White "Camus, Berenger"]
[Black "Lesbros, Bernard"]
[Result "0-1"]
[WhiteElo "2168"]
[BlackElo "2042"]
[PlyCount "131"]
[EventDate "2007.08.13"]
[EventType "swiss"]
[EventRounds "11"]
[EventCountry "FRA"]
[SourceTitle "CBM 120 Extra"]
[Source "ChessBase"]
[SourceDate "2007.11.01"]
[SourceVersion "1"]
[SourceVersionDate "2007.11.01"]
[SourceQuality "1"]

1. d4 Nf6 2. c4 g6 3. Nc3 d5 4. Bf4 Bg7 5. e3 0-0 6. cxd5 Nxd5 7. Nxd5 Qxd5 8. Bxc7 Nc6 9. Nf3 Bf5 10. Qa4 Rac8 11. Bc4 Qd7 12. Bg3 Nxd4 13. Qxd7 Nxf3+ 14. gxf3 Bxd7 15. Bd3 Bxb2 16. Rb1 Bf6 17. Ke2 b6 18. Rhd1 Ba4 19. Rdc1 Rfd8 20. Ba6 Rc3 21. e4 Ra3 22. Bc4 Bc3 23. Bf4 b5 24. Bd5 e6 25. Bg5 exd5 26. Bxd8 d4 27. f4 d3+ 28. Kxd3 Ba5+ 29. Ke2 Rxa2+ 30. Ke3 Bd2+ 31. Kd3 Bxc1 32. Rxc1 Kg7 33. e5 Rxf2 34. Bf6+ Kh6 35. Rc7 Bb3 36. Bg5+ Kh5 37. h3 Rf3+ 38. Ke4 Rxh3 39. Rxa7 Kg4 40. Ra1 Bc2+ 41. Kd4 h6 42. Be7 Rd3+ 43. Kc5 Kxf4 44. Bd6 Ke4 45. Rh1 Rd5+ 46. Kc6 Rd1 47. Rxh6 Ba4 48. e6 fxe6 49. Rxg6 Kf5 50. Rg8 b4+ 51. Kc5 Rd5+ 52. Kxb4 Rxd6 53. Kxa4 Rb6 54. Rf8+ Ke4 55. Rf6 Kd5 56. Rh6 Rb1 57. Rh8 e5 58. Rd8+ Kc4 59. Ka3 e4 60. Re8 Kd3 61. Rh8 e3 62. Rd8+ Ke2 63. Re8 Kd2 64. Re7 e2 65. Rd7+ Kc3 66. Rc7+ 0-1

[Event "FRA-chT1B 0607"]
[Site "France"]
[Date "2007.02.10"]
[Round "7.2"]
[White "Karim, Ismael"]
[Black "Camus, Berenger"]
[Result "1-0"]
[WhiteElo "2288"]
[BlackElo "2171"]
[PlyCount "131"]
[EventDate "2006.10.15"]
[EventType "team"]
[EventRounds "11"]
[EventCountry "FRA"]
[SourceTitle "EXT 2008"]
[Source "ChessBase"]
[SourceDate "2007.11.25"]
[SourceVersion "1"]
[SourceVersionDate "2007.11.25"]
[SourceQuality "1"]
[WhiteTeam "Paris Chess Club II"]
[BlackTeam "Reims"]
[WhiteTeamCountry "FRA"]
[BlackTeamCountry "FRA"]

1. e4 c5 2. Nf3 Nc6 3. d4 cxd4 4. Nxd4 e5 5. Nb5 a6 6. Nd6+ Bxd6 7. Qxd6 Qf6 8. Qxf6 Nxf6 9. Nc3 d5 10. exd5 Nb4 11. Bd3 Nfxd5 12. Nxd5 Nxd5 13. Be4 Be6 14. 0-0 0-0-0 15. b3 Nc3 16. Bf3 e4 17. Bh5 Rd5 18. Bb2 Rc5 19. b4 Rc4 20. Rfe1 Kb8 21. a3 Rhc8 22. h4 g6 23. Be2 Rd4 24. Bc1 Nxe2+ 25. Rxe2 Rd1+ 26. Kh2 Ka8 27. Bb2 Rxa1 28. Bxa1 b5 29. Bd4 Bf5 30. Bc5 Rd8 31. Kg3 h5 32. Kf4 Rd5 33. Ke3 Kb7 34. Re1 Kc6 35. Rc1 Rd7 36. Ra1 Kd5 37. a4 Kc4 38. axb5 axb5 39. Ra6 Rb7 40. Bd6 Kd5 41. Kd2 Rd7 42. Bc5 Kc4+ 43. Kc1 Be6 44. Ra3 Rb7 45. Kb2 Kd5 46. Kc3 Ke5 47. Ra6 Bc4 48. Bd6+ Kf5 49. Kd4 Kg4 50. Kc5 f5 51. Be5 g5 52. Rg6 Kxh4 53. Bf6 Kg4 54. Rxg5+ Kf4 55. Rxh5 Be2 56. g3+ Kg4 57. Rg5+ Kh3 58. Rxf5 Rc7+ 59. Kd4 Rc4+ 60. Ke3 Bg4 61. Rf4 Bf3 62. c3 Rc6 63. Bd4 Ra6 64. Rf5 Ra2 65. Kf4 e3 66. Bxe3 1-0

[Event "Bethune op 27th"]
[Site "Bethune"]
[Date "2006.12.29"]
[Round "9"]
[White "Camus, Berenger"]
[Black "Foisor, Ovidiu Doru"]
[Result "1/2-1/2"]
[WhiteElo "2166"]
[BlackElo "2422"]
[PlyCount "115"]
[EventDate "2006.12.26"]
[EventType "swiss"]
[EventRounds "9"]
[EventCountry "FRA"]
[SourceTitle "CBM 116 Extra"]
[Source "ChessBase"]
[SourceDate "2007.03.07"]
[SourceVersion "1"]
[SourceVersionDate "2007.03.07"]
[SourceQuality "1"]

1. d4 g6 2. e4 c6 3. c4 d5 4. cxd5 cxd5 5. e5 Nc6 6. Nc3 Bg7 7. Be3 Nh6 8. Qf3 Bg4 9. Qxd5 Qxd5 10. Nxd5 0-0-0 11. h3 Bf5 12. Nc3 Nxd4 13. 0-0-0 Nc6 14. Rxd8+ Rxd8 15. Nf3 Bd3 16. Bxd3 Rxd3 17. g4 f5 18. exf6 exf6 19. Rd1 Rxd1+ 20. Kxd1 Kd7 21. Nd4 Ne7 22. Nb3 b6 23. Nb5 Nc6 24. N3d4 a6 25. Nxc6 Kxc6 26. Nc3 f5 27. Bxh6 Bxh6 28. gxf5 gxf5 29. Kc2 Bf8 30. Kd3 Bc5 31. f3 Kd6 32. a4 Ke5 33. Ne2 Bf2 34. Kc4 Be3 35. b3 Bf2 36. Kd3 Bc5 37. Kc4 Bd6 38. Kd3 Be7 39. Kc4 Bf8 40. Kd3 Be7 41. Kc4 Bd6 42. Kd3 Bf8 43. Kc4 Bc5 44. Kd3 Kf6 45. Nf4 Ke5 46. Ne2 b5 47. axb5 axb5 48. Kc3 Be7 49. Kd3 Bb4 50. Ke3 Be1 51. Kd3 Bf2 52. Kc3 Be1+ 53. Kd3 Ba5 54. f4+ Kd5 55. Nd4 Bc7 56. Nxb5 Bxf4 57. Nd4 Ke5 58. Nxf5 1/2-1/2

[Event "Bethune op 27th"]
[Site "Bethune"]
[Date "2006.12.29"]
[Round "8"]
[White "Swinkels, Robin"]
[Black "Camus, Berenger"]
[Result "1/2-1/2"]
[WhiteElo "2379"]
[BlackElo "2166"]
[PlyCount "60"]
[EventDate "2006.12.26"]
[EventType "swiss"]
[EventRounds "9"]
[EventCountry "FRA"]
[SourceTitle "CBM 116 Extra"]
[Source "ChessBase"]
[SourceDate "2007.03.07"]
[SourceVersion "1"]
[SourceVersionDate "2007.03.07"]
[SourceQuality "1"]

1. e4 c5 2. Nf3 Nc6 3. d4 cxd4 4. Nxd4 e5 5. Nb5 a6 6. N5c3 Nf6 7. Bg5 Bc5 8. Qd2 d6 9. Nd5 Be6 10. Nbc3 Nb4 11. Bxf6 gxf6 12. Bc4 Bd4 13. Bb3 Nxd5 14. Nxd5 Rg8 15. c3 Bc5 16. f3 Bxd5 17. Qxd5 Qc7 18. g4 Be3 19. Rd1 Rd8 20. Rd3 Bc5 21. h3 Rd7 22. f4 Re7 23. Rf1 h5 24. gxh5 f5 25. Bd1 Rh8 26. Rg3 exf4 27. Rxf4 Re5 28. Qb3 d5 29. Rxf5 dxe4 30. Rxe5+ Qxe5 1/2-1/2

[Event "FRA-chT1B 0607"]
[Site "France"]
[Date "2006.11.06"]
[Round "3.1"]
[White "Romero Holmes, Alfonso"]
[Black "Camus, Berenger"]
[Result "1-0"]
[WhiteElo "2512"]
[BlackElo "2171"]
[PlyCount "43"]
[EventDate "2006.10.15"]
[EventType "team"]
[EventRounds "11"]
[EventCountry "FRA"]
[SourceTitle "EXT 2008"]
[Source "ChessBase"]
[SourceDate "2007.11.25"]
[SourceVersion "1"]
[SourceVersionDate "2007.11.25"]
[SourceQuality "1"]
[WhiteTeam "Avignon"]
[BlackTeam "Reims"]
[WhiteTeamCountry "FRA"]
[BlackTeamCountry "FRA"]

1. c4 Nf6 2. Nc3 e6 3. e4 d5 4. e5 d4 5. exf6 dxc3 6. bxc3 Qxf6 7. Nf3 b6 8. d4 Bb7 9. Bd3 Bd6 10. Bg5 Bxf3 11. Qxf3 Qxf3 12. gxf3 h6 13. Be3 f5 14. 0-0-0 Nd7 15. d5 exd5 16. Bxf5 dxc4 17. Bd4 0-0-0 18. Bxg7 Rhg8 19. Bxh6 Rg2 20. Be3 Rxh2 21. Rxh2 Bxh2 22. Bg5 1-0

[Event "BEL-chT3 0405"]
[Site "Belgium"]
[Date "2005.01.30"]
[Round "8"]
[White "Drenchev, Petar"]
[Black "Camus, Berenger"]
[Result "1-0"]
[WhiteElo "2397"]
[BlackElo "2086"]
[PlyCount "77"]
[EventDate "2004.10.10"]
[EventType "team-tourn"]
[EventRounds "11"]
[EventCountry "BEL"]
[SourceTitle "EXT 2006"]
[Source "ChessBase"]
[SourceDate "2005.11.24"]
[SourceVersion "1"]
[SourceVersionDate "2005.11.24"]
[SourceQuality "1"]
[WhiteTeam "Amay"]
[BlackTeam "Fleurus"]
[WhiteTeamCountry "BEL"]
[BlackTeamCountry "BEL"]

1. c4 c5 2. g3 Nc6 3. Bg2 e5 4. Nc3 f5 5. e3 Nf6 6. Nge2 Be7 7. d4 d6 8. dxc5 dxc5 9. Bxc6+ bxc6 10. Qxd8+ Kxd8 11. b3 Kc7 12. Ba3 Rd8 13. Na4 Ne4 14. Bb2 Bf6 15. f3 Ng5 16. Ng1 Ne6 17. f4 Rd3 18. Ke2 e4 19. Bxf6 gxf6 20. Nh3 Bd7 21. Nf2 Rd6 22. Rad1 Rxd1 23. Rxd1 Be8 24. g4 Bg6 25. h3 fxg4 26. hxg4 f5 27. Rh1 Rg8 28. Nc3 Re8 29. gxf5 Bxf5 30. Rh5 Ng7 31. Rg5 Re7 32. Ng4 Bxg4+ 33. Rxg4 Kb6 34. Na4+ Ka5 35. a3 h5 36. Rg5 h4 37. Rxc5+ Ka6 38. Rxc6+ Kb7 39. Rf6 1-0

[Event "Reims op 2nd"]
[Site "Reims "]
[Date "2005.??.??"]
[Round "1"]
[White "Camus, Berenger"]
[Black "Gozillon, Matthieu"]
[Result "1-0"]
[WhiteElo "2134"]
[BlackElo "1820"]
[PlyCount "45"]
[EventDate "2005.12.27"]
[EventType "swiss"]
[EventRounds "7"]
[EventCountry "FRA"]
[SourceTitle "EXT 2008"]
[Source "ChessBase"]
[SourceDate "2007.11.25"]
[SourceVersion "1"]
[SourceVersionDate "2007.11.25"]
[SourceQuality "1"]

1. d4 d5 2. c4 e6 3. Nc3 Nf6 4. Bg5 Bb4 5. Qa4+ Nc6 6. e3 0-0 7. Nf3 a6 8. a3 Bxc3+ 9. bxc3 Bd7 10. Qc2 dxc4 11. Bxc4 b5 12. Bd3 h6 13. Bh4 Rc8 14. 0-0 Nb8 15. e4 Bc6 16. Qd2 e5 17. Nxe5 Re8 18. Nxc6 Nxc6 19. e5 Nxe5 20. dxe5 Rxe5 21. Rad1 Rd5 22. Bxf6 gxf6 23. Bh7+ 1-0

[Event "Stare Mesto op"]
[Site "Stare Mesto"]
[Date "2004.08.15"]
[Round "4"]
[White "Camus, Berenger"]
[Black "Volodin, Viktor Nikolaevich"]
[Result "1-0"]
[WhiteElo "2092"]
[BlackElo "2247"]
[PlyCount "71"]
[EventDate "2004.08.13"]
[EventType "swiss"]
[EventRounds "10"]
[EventCountry "CZE"]
[SourceTitle "EXT 2006"]
[Source "ChessBase"]
[SourceDate "2005.11.24"]
[SourceVersion "1"]
[SourceVersionDate "2005.11.24"]
[SourceQuality "1"]

1. d4 g6 2. c4 Bg7 3. Nc3 d6 4. e4 Nd7 5. Be3 e5 6. Nge2 Ngf6 7. f3 a6 8. Qd2 Rb8 9. a4 0-0 10. Rd1 Kh8 11. g4 Ng8 12. Ng3 exd4 13. Bxd4 Ne5 14. Be2 Qh4 15. Bf2 Qf6 16. 0-0 Be6 17. Nd5 Nxf3+ 18. Bxf3 Qxf3 19. Ba7 Qxg4 20. Bxb8 Rxb8 21. Nxc7 Bxc4 22. Qxd6 Bxf1 23. Rxf1 Rc8 24. Rf4 Rd8 25. Qxd8 Qxf4 26. Nd5 Qc1+ 27. Kg2 Qxb2+ 28. Kh3 Qe5 29. a5 h5 30. Qd7 Nf6 31. Qxf7 Nxe4 32. Qxb7 Ng5+ 33. Kg2 h4 34. Ne7 hxg3 35. Nxg6+ Kh7 36. Nxe5 1-0